Sociálne bývanie - kríza či nevyhnutnosť?

Vplyv bývania na fyzické i mravné zdravie národa. Riešenie bytovej otázky chudobných. Pojem minimálny byt. Smernice pre sociálne byty sú súčasťou bytovej politiky štátov EÚ. Typológia sociálneho bývania. Sociálne bývanie a životné prostredie.

Na minha lista:
Detalhes bibliográficos
Autor principal: Šarafín, M.
Formato: Capítulo de Livro
Idioma:eslovaco
Assuntos:
Tags: Adicionar Tag
Sem tags, seja o primeiro a adicionar uma tag!

MARC

LEADER 00000naa a2200000 4500
001 r026764
005 20230921124330.2
041 0 |a slo 
044 |a SK 
245 1 0 |a Sociálne bývanie - kríza či nevyhnutnosť?  |c M. Šarafín 
520 |a Vplyv bývania na fyzické i mravné zdravie národa. Riešenie bytovej otázky chudobných. Pojem minimálny byt. Smernice pre sociálne byty sú súčasťou bytovej politiky štátov EÚ. Typológia sociálneho bývania. Sociálne bývanie a životné prostredie. 
610 2 0 |a byty 
610 2 0 |a bývanie 
610 2 0 |a prostredie životné 
610 2 0 |a úroveň životná 
610 2 0 |a Slovensko 
610 2 0 |a zdravie 
610 2 0 |a chudoba 
610 2 0 |a politika bytová 
100 1 |a Šarafín, M.